000 00489nam a2200181Ia 4500
999 _c31800
_d31800
001 31727
003 PK-LaUMT
005 20221004170923.0
008 140416s9999 xx 000 0 und d
040 _cPK-LaUMT
082 _aW 664.72272
_bUNI-P
110 _aUNICEF
245 _aProceedings of national consultative meeting on iron fortification of wheat
_cUNICEF
260 _aEnglewood Cliffs,USA:
_bUNIX Press,
_c1999
300 _a41 p.
546 _aEN
942 _cWEEDED OUT
_2ddc